[Event "Bruges op-B"]
[Site "Bruges"]
[Date "2022.08.19"]
[Round "9"]
[White "Van Elsacker, Jasper"]
[Black "Londers, Jan"]
[Result "0-1"]
[WhiteElo "1487"]
[BlackElo "1734"]
[PlyCount "106"]
[EventDate "2022.08.13"]
[EventType "swiss"]
[EventRounds "9"]
[EventCountry "BEL"]
[SourceTitle "CBM 209 Extra"]
[Source "ChessBase"]
[SourceDate "2022.09.30"]
[SourceVersion "1"]
[SourceVersionDate "2022.09.30"]
[SourceQuality "1"]

1. e4 e5 2. Nc3 Nc6 3. Bc4 Nf6 4. d3 Bb4 5. Bd2 Bxc3 6. Bxc3 d5 7. exd5 Nxd5 8. Qf3 Be6 9. Ne2 f6 10. 0-0 Qd7 11. Bb3 0-0-0 12. Ng3 Nce7 13. Ne4 Bg4 14. Qg3 Nf4 15. Qe3 b6 16. f3 Bf5 17. a4 Kb8 18. a5 Nc6 19. axb6 cxb6 20. Ra2 g5 21. Ba4 Be6 22. b3 Nd5 23. Nxf6 Nxe3 24. Nxd7+ Bxd7 25. Bxc6 Bxc6 26. Bxe5+ Kb7 27. Re1 Nxg2 28. Kxg2 Rhf8 29. Rf1 g4 30. Raa1 gxf3+ 31. Kf2 Rf5 32. Rae1 Re8 33. Bg3 Rxe1 34. Rxe1 Rc5 35. Rc1 b5 36. Bf4 a5 37. c4 a4 38. cxb5 Rxb5 39. Rxc6 Kxc6 40. bxa4 Rb4 41. Kxf3 Rxa4 42. Ke3 Kd5 43. Bg3 h5 44. Bf4 h4 45. h3 Ke6 46. d4 Ra3+ 47. Ke4 Rxh3 48. d5+ Kd7 49. d6 Rb3 50. Kf5 Rg3 51. Ke4 Rg2 52. Kf3 h3 53. Bg3 Rc2 0-1